<?xml version="1.0" encoding="UTF-8"?>
<collection xmlns="http://www.loc.gov/MARC21/slim">
 <record>
  <leader>01546nam a2200301 a 4500</leader>
  <controlfield tag="001">1/48293</controlfield>
  <controlfield tag="008">190118m20052008gr ae    b    00010 eng  </controlfield>
  <datafield tag="020" ind1=" " ind2=" ">
   <subfield code="a">0847827895</subfield>
  </datafield>
  <datafield tag="035" ind1=" " ind2=" ">
   <subfield code="l">51289</subfield>
  </datafield>
  <datafield tag="040" ind1=" " ind2=" ">
   <subfield code="a">GR-PeUP</subfield>
  </datafield>
  <datafield tag="082" ind1="0" ind2="0">
   <subfield code="a">725.827 TZΩ</subfield>
  </datafield>
  <datafield tag="100" ind1="1" ind2=" ">
   <subfield code="a">Τζώνης, Αλέξανδρος.</subfield>
  </datafield>
  <datafield tag="245" ind1="1" ind2="0">
   <subfield code="a">Santiago Calatrava :</subfield>
   <subfield code="b">οι Ολυμπιακοί της Αθήνας /</subfield>
   <subfield code="c">Αλέξανδρος Τζώνης ; μετάφραση Αλέξανδρος Καζάζης.</subfield>
  </datafield>
  <datafield tag="246" ind1="3" ind2=" ">
   <subfield code="a">Οι Ολυμπιακοί της Αθήνας</subfield>
  </datafield>
  <datafield tag="246" ind1="3" ind2=" ">
   <subfield code="a">Calatrava: οι Ολυμπιακοί της Αθήνας</subfield>
  </datafield>
  <datafield tag="260" ind1="0" ind2=" ">
   <subfield code="a">New York :</subfield>
   <subfield code="b">Rizzoli,</subfield>
   <subfield code="c">2008, c2005.</subfield>
  </datafield>
  <datafield tag="300" ind1=" " ind2=" ">
   <subfield code="a">175 σ. :</subfield>
   <subfield code="b">εικ. (ορισμένες έγχρ.), σχέδια ;</subfield>
   <subfield code="c">29 εκ.</subfield>
  </datafield>
  <datafield tag="500" ind1=" " ind2=" ">
   <subfield code="a">Περιέχει βιογραφία (σ. 170-175).</subfield>
  </datafield>
  <datafield tag="504" ind1=" " ind2=" ">
   <subfield code="a">Περιέχει βιβλιογραφία (σ. 168-169).</subfield>
  </datafield>
  <datafield tag="600" ind1="1" ind2="4">
   <subfield code="a">Calatrava, Santiago,</subfield>
   <subfield code="d">1951-</subfield>
  </datafield>
  <datafield tag="611" ind1="2" ind2="4">
   <subfield code="a">Ολυμπιακοί Αγώνες</subfield>
   <subfield code="n">(28οι :</subfield>
   <subfield code="d">2004</subfield>
   <subfield code="c">Αθήνα, Ελλάδα).</subfield>
  </datafield>
  <datafield tag="650" ind1=" " ind2="4">
   <subfield code="a">Αρχιτεκτονική</subfield>
   <subfield code="z">Ελλάδα</subfield>
   <subfield code="z">Αττική (Νομός)</subfield>
   <subfield code="z">Αθήνα</subfield>
   <subfield code="x">Ιστορία</subfield>
   <subfield code="y">21ος αι.</subfield>
  </datafield>
  <datafield tag="650" ind1=" " ind2="4">
   <subfield code="a">Architecture</subfield>
   <subfield code="z">Greece</subfield>
   <subfield code="z">Athens</subfield>
   <subfield code="x">History</subfield>
   <subfield code="y">19th century.</subfield>
  </datafield>
  <datafield tag="650" ind1=" " ind2="4">
   <subfield code="a">Στάδια</subfield>
   <subfield code="z">Ελλάδα</subfield>
   <subfield code="z">Αθήνα.</subfield>
  </datafield>
  <datafield tag="650" ind1=" " ind2="4">
   <subfield code="a">Stadiums</subfield>
   <subfield code="z">Greece</subfield>
   <subfield code="z">Athens.</subfield>
  </datafield>
  <datafield tag="700" ind1="1" ind2=" ">
   <subfield code="a">Καζαζής, Αλέξης.</subfield>
  </datafield>
  <datafield tag="852" ind1=" " ind2=" ">
   <subfield code="a">INST</subfield>
   <subfield code="b">UNIPILB</subfield>
   <subfield code="c">MAIN</subfield>
   <subfield code="e">20190118</subfield>
   <subfield code="h">725.827 TZΩ</subfield>
   <subfield code="p">00180162</subfield>
   <subfield code="q">00180162</subfield>
   <subfield code="t">LOAN</subfield>
   <subfield code="y">0</subfield>
   <subfield code="4">1</subfield>
  </datafield>
  <datafield tag="856" ind1="4" ind2=" ">
   <subfield code="d">/webopac/covers/03/51289_0847827895.jpg</subfield>
  </datafield>
 </record>
</collection>
